Les clubs sur le podium de la Bundesliga (depuis 2001) - Statistiques

Statistiques générales
  • Ce quiz a été pris 500 fois
  • Le résultat moyen est 7 sur 9
Statistiques - réponses
Nombre de fois sur le podium Année(s) Club % Correct
15 01,02,03,04,05,06,08,09,10,11,12,13,14,15,16 Bayern Munich
100%
8 2001,02,03,11,12,13,14,2016 Borussia Dortmund
99%
5 2002,04,11,13,2016 Bayer Leverkusen
85%
7 2001,05,07,08,10,12,2014 Schalke 04
82%
2 2009,2015 VfL Wolfsbourg
79%
6 2004,05,06,07,08,2010 Werder Brême
77%
3 2003,07,2009 VfB Stuttgart
69%
1 2006 Hambourg SV
66%
1 2015 Borussia Mönchengladbach
64%
Aucun quiz correspondant
Distribution des résultats
% des personnes avec chaque résultat
Percentile par nombre de réponses
Votre historique - résultats
Vous n’avez pas pris ce quiz